[Event "Kupreichik Memorial Rapid 2019"]
[Site "Minsk"]
[Date "2019.08.15"]
[Round "2.20"]
[White "Zarubitski, Viachaslau"]
[Black "Nikolaev, Dmitry"]
[Result "1-0"]
[WhiteElo "2426"]
[BlackElo "1677"]
[Annotator "TA"]
[PlyCount "35"]
[EventDate "2019.08.15"]
[EventType "swiss"]
[EventCountry "BLR"]
[SourceTitle "playchess.com"]
[Source "ChessBase"]
[SourceQuality "1"]

{[%evp 14,35,27,23,25,8,54,15,412,399,412,398,29990,29991,29991,2701,2404,2392,2392,2352,29991,29991,29998,29999]} 1. e4 e6 2. d4 d5 3. Nc3 Nf6 4. Bg5 dxe4 5. Nxe4 Be7 6. Bxf6 Bxf6 7. Nf3 b6 8. Bb5+ c6 {C13: French: Classical System: 4 Bg5 Be7, Alekhine-Chatard Attack} 9. Bc4 Bb7 (9... O-O 10. c3 Bb7 11. Qe2 Qc7 12. Nxf6+ gxf6 13. Qe3 Ba6 14. Bb3 Nd7 15. O-O-O Kh8 16. Rhe1 {0-1 (34) Rogovski,V (2505)-Galinsky,T (2426) Kiev 2005}) 10. Qe2 Nd7 $146 {[%mdl 8192]} (10... O-O $11 {and Black has nothing to worry.}) ({Predecessor:} 10... O-O 11. O-O-O a5 12. Ne5 a4 13. Qf3 a3 14. Nxf6+ Qxf6 15. Qxf6 axb2+ 16. Kxb2 gxf6 {½-½ (55) Kalvyte,V (2097)-Aulia,M (2011) Khanty-Mansiysk 2010}) 11. Nd6+ $18 {[%mdl 64] Double Attack} Kf8 {[#]} 12. Nxf7 $1 {[%mdl 576] Remove Defender} Kxf7 $2 (12... Qe7 $18) 13. Qxe6+ Kg6 14. Bd3+ (14. Nh4+ $142 Kh6 15. Nf5+ Kg6 16. Bd3 Qe8 17. Ne3+ Kg5 {[#]} 18. f4+ $1 {[%mdl 512]} Kh5 19. Qf5+ Kh6 20. Qh3+ Bh4+ 21. Qxh4+ Qh5 22. Ng4#) 14... Kh6 15. Qh3+ Bh4 16. Nxh4 {White threatens Nf3+ and mate.} Qe7+ 17. Kf1 g6 {[#]} 18. Nf5+ $1 {[%mdl 64] Double Attack, Discovered Attack (Double check)} 1-0

[Event "Kupreichik Memorial Rapid 2019"]
[Site "Minsk"]
[Date "2019.08.15"]
[Round "2.21"]
[White "Karmishyn, Vadzim"]
[Black "Pakhomov, Alexey"]
[Result "0-1"]
[WhiteElo "1494"]
[BlackElo "2315"]
[Annotator "TA"]
[PlyCount "38"]
[EventDate "2019.08.15"]
[EventType "swiss"]
[EventCountry "BLR"]
[SourceTitle "playchess.com"]
[Source "ChessBase"]
[SourceQuality "1"]

{[%evp 9,78,6,15,-3,0,-4,10,-12,-8,-5,0,-11,-1,-42,-21,-32,-14,-50,-48,-62,-61,-57,-22,-64,0,-84,0,-125,-62,-122,-82,-101,-100,-100,-85,-110,-81,-81,-76,-58,-35,-79,-12,-11,-11,-18,0,-11,66,-372,-114,-498,-476,-543,-408,-932,-875,-767,-260,-254,-269,-383,-370,-479,-472,-613,-585,-1008,-1006,-1388,-1381]} 1. c4 e6 2. e3 d5 3. Nf3 c6 4. a3 (4. b3 f5 5. Be2 Nf6 6. O-O Nbd7 7. cxd5 exd5 8. Qc2 g6 9. Bb2 Bd6 10. d3 O-O 11. Nbd2 Re8 12. Rae1 Bf8 {1-0 (67) Andreikin,D (2719)-Yudin,S (2507) St Petersburg 2018}) 4... f5 5. cxd5 $146 ({Predecessor:} 5. b4 Nf6 6. Bb2 Bd6 7. Nc3 O-O 8. d4 Nbd7 9. c5 Bc7 10. Bd3 {1-0 (32) Lichtblau,E (1829)-Nemoj,I (1848) Dresden 2012}) 5... exd5 6. b4 {A11: English Opening: 1...c6} Nf6 7. Bb2 Bd6 8. Qc2 {The position is equal.} O-O 9. Nc3 Qe7 10. Bd3 Ne4 11. Ne2 a5 12. b5 c5 13. Nc3 Be6 14. O-O Nd7 15. Be2 Rac8 16. Rac1 Bb8 (16... b6 $15) 17. Qa4 (17. d3 $11) 17... Qd6 (17... g5 $17 {...g4 is the strong threat.} 18. g3 g4) 18. Rfd1 {[#]} (18. g3 $11) 18... b6 ({Black should play} 18... Ng5 $1 $17 {[%mdl 512]} 19. Qh4 (19. Nxg5 Qxh2+) 19... Nxf3+ 20. Bxf3 Ne5) 19. d3 ({Better is} 19. g3 $15) 19... Nxc3 {Played: Ne4-g5} 0-1

[Event "Kupreichik Memorial Rapid 2019"]
[Site "Minsk"]
[Date "2019.08.15"]
[Round "2.22"]
[White "Tarasionak, Arseni"]
[Black "Barskij, Vladimir"]
[Result "0-1"]
[WhiteElo "1209"]
[BlackElo "2389"]
[Annotator "TA"]
[PlyCount "84"]
[EventDate "2019.08.15"]
[EventType "swiss"]
[EventCountry "BLR"]
[SourceTitle "playchess.com"]
[Source "ChessBase"]
[SourceQuality "1"]

{[%evp 11,96,19,16,15,20,10,16,-24,22,-18,-13,-21,-12,-13,-18,-30,-29,-75,9,11,0,1,6,7,50,24,48,20,12,-41,-33,-36,17,14,33,26,14,12,52,10,10,8,15,-112,-121,-112,-68,-79,-75,-98,-56,-50,0,0,0,0,55,114,73,-12,0,0,0,-377,-364,-356,-319,-968,-939,-899,-881,-5691,-5691,-4814,-961,-913,-911,-29973,-29972,-29977,-29977,-29972,-5122,-29988,-29989,-29989,-29990]} 1. d4 d5 2. c4 Nc6 3. Nf3 Bg4 4. e3 e6 5. Nc3 Bb4 6. Be2 Nf6 7. O-O {D07: Queen's Gambit: Chigorin Defence} O-O 8. h3 Bh5 9. Ne5 {The position is equal.} Bxe2 10. Qxe2 $146 (10. Nxe2 {looks sharper.} dxc4 11. Nxc4 Be7 12. b3 Qd5 13. Bb2) ({Predecessor:} 10. Nxe2 Nxe5 11. dxe5 Ne8 12. Qb3 Ba5 13. Rd1 c6 14. Qxb7 Qc8 15. Qxc8 Rxc8 {1-0 (39) Buckley,G (2409)-Keeling,G (2053) Guernsey 2001}) 10... Nxe5 11. dxe5 Bxc3 12. bxc3 Ne4 13. Ba3 Re8 14. Qb2 b6 (14... dxc4 $17 15. Rad1 Qg5) 15. Rfd1 $11 Qg5 16. cxd5 Qxe5 17. c4 Qg5 18. Rd4 (18. Qc2 $5 {[%cal Rc2e4]} f5 19. Rd3 $14) 18... exd5 19. Rxd5 Qg6 20. Qd4 (20. Rad1 $11) 20... Nf6 $15 {...c5 is the strong threat.} 21. Re5 Red8 (21... Rxe5 $15 22. Qxe5 c5) 22. Qf4 $11 {And now Rg5 would win.} c5 23. Rg5 Qh6 24. Bb2 Kf8 $1 25. Bxf6 (25. a4 {is more complex.} Ne8 26. Qf5 Nd6 27. Qg4 f6 28. Rd5) 25... Qxf6 26. Qxf6 gxf6 27. Rd5 (27. Rh5 $11) 27... Rxd5 $17 28. cxd5 {[%mdl 4096] Endgame KR-KR} Ke7 29. e4 Kd6 30. g4 Ke5 31. f3 $1 h5 32. Kf2 hxg4 33. hxg4 Kd4 (33... Rh8 $11) 34. Rd1+ $1 $14 Kc3 {[#]} 35. d6 ({White should play} 35. Ke3 $1 $16) 35... Kc2 36. Ke2 c4 $1 37. d7 $2 {[%mdl 8192]} (37. f4 $11 {and White has nothing to worry.} c3 38. Rd4) 37... Rd8 $19 38. f4 {[#] Threatens to win with g5.} c3 $1 39. e5 $2 (39. Rd5 Kb2 40. Rb5+ Kxa2 41. Kd3) 39... fxe5 40. fxe5 Kb2 41. g5 c2 42. Rd2 {[#]} Kb1 {Played: Rd8xd7} 0-1

[Event "Kupreichik Memorial Rapid 2019"]
[Site "Minsk"]
[Date "2019.08.15"]
[Round "2.24"]
[White "Kuleshov, Konstantin"]
[Black "Kochetkov, Vitali"]
[Result "1-0"]
[WhiteElo "2076"]
[BlackElo "2266"]
[Annotator "NA"]
[PlyCount "87"]
[EventDate "2019.08.15"]
[EventType "swiss"]
[EventCountry "BLR"]
[SourceTitle "playchess.com"]
[Source "ChessBase"]
[SourceQuality "1"]
[TimeControl "900+10"]

1. d4 {[%emt 0:00:00]} d5 {[%emt 0:02:44]} 2. c4 {[%emt 0:00:00]} c6 {[%emt 0:00:04]} 3. e3 {[%emt 0:00:00]} e6 {[%emt 0:00:04]} 4. Nc3 {[%emt 0:00:00]} f5 {[%emt 0:00:08]} 5. Bd3 {[%emt 0:00:29]} Nf6 {[%emt 0:00:11]} 6. Nge2 {[%emt 0:00:03]} Bd6 {[%emt 0:00:30]} 7. f3 {[%emt 0:00:03]} O-O {[%emt 0:01:08]} 8. O-O {[%emt 0:00:04]} Qc7 {[%emt 0:00:23]} 9. h3 {[%emt 0:00:11]} dxc4 {[%emt 0:01:42]} 10. Bxc4 {[%emt 0:00:05]} b5 {[%emt 0:00:07]} 11. Bb3 {[%emt 0:00:10]} Kh8 {[%emt 0:00:38]} 12. a3 {[%emt 0:00:10]} e5 {[%emt 0:00:25]} 13. d5 {[%emt 0:00:42]} a6 {[%emt 0:00:09]} 14. e4 {[%emt 0:00:04]} c5 {[%emt 0:00:27]} 15. Be3 {[%emt 0:00:21]} f4 {[%emt 0:00:16]} 16. Bf2 {[%emt 0:00:02]} Nbd7 {[%emt 0:00:22]} 17. Rc1 {[%emt 0:00:03]} Qd8 {[%emt 0:00:29]} 18. Ba2 {[%emt 0:00:56]} Qe8 {[%emt 0:00:15]} 19. a4 {[%emt 0:00:04]} b4 {[%emt 0:00:27]} 20. Nb1 {[%emt 0:00:02]} a5 {[%emt 0:00:13]} 21. Nd2 {[%emt 0:00:06]} Nb6 {[%emt 0:00:19]} 22. Nc4 {[%emt 0:00:14]} Nxc4 {[%emt 0:00:19]} 23. Bxc4 {[%emt 0:00:02]} Ba6 {[%emt 0:00:12]} 24. Bxa6 {[%emt 0:00:05]} Rxa6 {[%emt 0:00:06]} 25. Bxc5 {[%emt 0:00:04]} Bxc5+ {[%emt 0:00:47]} 26. Rxc5 {[%emt 0:00:02]} Qd7 {[%emt 0:01:08]} 27. Qc2 {[%emt 0:00:04]} Ne8 {[%emt 0:00:49]} 28. Rc6 {[%emt 0:00:32]} Qa7+ {[%emt 0:00:24]} 29. Kh2 {[%emt 0:00:11]} Nd6 {[%emt 0:00:16]} 30. Qc5 {[%emt 0:00:13]} Qxc5 {[%emt 0:00:32]} 31. Rxc5 {[%emt 0:00:02]} Ra7 {[%emt 0:00:29]} 32. Rfc1 {[%emt 0:00:05]} Kg8 {[%emt 0:00:04]} 33. Rc6 {[%emt 0:00:08]} Rd8 {[%emt 0:00:04]} 34. R1c5 {[%emt 0:00:11]} Kf8 {[%emt 0:00:11]} 35. Nc1 {[%emt 0:00:04]} Nf7 {[%emt 0:00:25]} 36. Nb3 {[%emt 0:00:20]} Rda8 {[%emt 0:00:08]} 37. Kg1 {[%emt 0:00:40]} Ke7 {[%emt 0:00:06]} 38. Re6+ {[%emt 0:00:39]} Kf8 {[%emt 0:00:10]} 39. Kf2 {[%emt 0:00:06]} Ra6 {[%emt 0:00:36]} 40. Rxa6 {[%emt 0:00:03]} Rxa6 {[%emt 0:00:01]} 41. Rxa5 {[%emt 0:00:06]} Rb6 {[%emt 0:00:13]} 42. Ra7 {[%emt 0:00:20]} Rb8 {[%emt 0:00:17]} 43. Rc7 {[%emt 0:00:06]} Nd6 {[%emt 0:00:11]} 44. Nc5 {[%emt 0:00:10]} 1-0

[Event "Kupreichik Memorial Rapid 2019"]
[Site "Minsk"]
[Date "2019.08.15"]
[Round "2.25"]
[White "Arlou, Valery"]
[Black "Naumovich, Yaroslav"]
[Result "0-1"]
[WhiteElo "1759"]
[BlackElo "1868"]
[Annotator "NA"]
[PlyCount "90"]
[EventDate "2019.08.15"]
[EventType "swiss"]
[EventCountry "BLR"]
[SourceTitle "playchess.com"]
[Source "ChessBase"]
[SourceQuality "1"]
[TimeControl "900+10"]

1. d4 {[%emt 0:00:00]} Nf6 {[%emt 0:00:00]} 2. Nf3 {[%emt 0:00:00]} d5 {[%emt 0:00:00]} 3. Bg5 {[%emt 0:00:02]} c5 {[%emt 0:00:00]} 4. e3 {[%emt 0:00:04]} Nc6 {[%emt 0:00:01]} 5. c3 {[%emt 0:00:12]} Bg4 {[%emt 0:00:20]} 6. h3 {[%emt 0:00:04]} Bh5 {[%emt 0:00:02]} 7. Be2 {[%emt 0:00:26]} e6 {[%emt 0:00:04]} 8. Ne5 {[%emt 0:00:27]} Bxe2 {[%emt 0:00:08]} 9. Qxe2 {[%emt 0:00:02]} Qb6 {[%emt 0:00:43]} 10. O-O {[%emt 0:02:52]} Ne4 {[%emt 0:01:21]} 11. Bf4 {[%emt 0:00:14]} Be7 {[%emt 0:00:23]} 12. f3 {[%emt 0:00:21]} Nd6 {[%emt 0:01:25]} 13. dxc5 {[%emt 0:00:37]} Qxc5 {[%emt 0:00:03]} 14. Nd2 {[%emt 0:00:20]} Nxe5 {[%emt 0:01:35]} 15. Bxe5 {[%emt 0:00:02]} O-O {[%emt 0:00:12]} 16. Kh2 {[%emt 0:02:07]} f6 {[%emt 0:00:52]} 17. Bd4 {[%emt 0:01:23]} Qc7 {[%emt 0:00:04]} 18. e4 {[%emt 0:00:04]} Nxe4+ {[%emt 0:00:06]} 19. Kg1 {[%emt 0:00:20]} Nxd2 {[%emt 0:00:28]} 20. Qxd2 {[%emt 0:00:23]} e5 {[%emt 0:01:00]} 21. Bf2 {[%emt 0:00:11]} Rad8 {[%emt 0:00:16]} 22. Qe2 {[%emt 0:00:55]} Rfe8 {[%emt 0:00:47]} 23. Rad1 {[%emt 0:00:06]} a6 {[%emt 0:01:55]} 24. Qc2 {[%emt 0:00:55]} Qc4 {[%emt 0:02:23]} 25. b3 {[%emt 0:00:56]} Qc6 {[%emt 0:00:02]} 26. Qb2 {[%emt 0:00:59]} Rc8 {[%emt 0:00:54]} 27. Rc1 {[%emt 0:01:55]} Red8 {[%emt 0:00:03]} 28. Rfd1 {[%emt 0:00:07]} f5 {[%emt 0:00:55]} 29. Qb1 {[%emt 0:00:12]} g6 {[%emt 0:00:10]} 30. h4 {[%emt 0:00:23]} Ba3 {[%emt 0:00:29]} 31. Rc2 {[%emt 0:00:02]} Bc5 {[%emt 0:00:53]} 32. Bxc5 {[%emt 0:00:34]} Qxc5+ {[%emt 0:00:01]} 33. Kh2 {[%emt 0:00:04]} d4 {[%emt 0:00:39]} 34. c4 {[%emt 0:00:53]} d3 {[%emt 0:00:23]} 35. Rcd2 {[%emt 0:00:03]} e4 {[%emt 0:00:02]} 36. fxe4 {[%emt 0:00:16]} fxe4 {[%emt 0:00:00]} 37. Qb2 {[%emt 0:00:11]} Rf8 {[%emt 0:00:22]} 38. Qc3 {[%emt 0:01:04]} Rf4 {[%emt 0:01:17]} 39. g3 {[%emt 0:00:30]} Rf2+ {[%emt 0:00:01]} 40. Rxf2 {[%emt 0:00:19]} Qxf2+ {[%emt 0:00:01]} 41. Kh3 {[%emt 0:00:08]} Rd8 {[%emt 0:01:09]} 42. Rd2 {[%emt 0:00:35]} Qf5+ {[%emt 0:00:02]} 43. Kh2 {[%emt 0:00:03]} e3 {[%emt 0:00:01]} 44. Rd1 {[%emt 0:00:09]} e2 {[%emt 0:00:16]} 45. Qe1 {[%emt 0:00:15]} exd1=Q {[%emt 0:00:09]} 0-1

[Event "Kupreichik Memorial Rapid 2019"]
[Site "Minsk"]
[Date "2019.08.15"]
[Round "2.26"]
[White "Oblamski, Vladimir"]
[Black "Lashkevich, Andrei"]
[Result "1-0"]
[WhiteElo "2088"]
[BlackElo "1447"]
[Annotator "NA"]
[PlyCount "119"]
[EventDate "2019.08.15"]
[EventType "swiss"]
[EventCountry "BLR"]
[SourceTitle "playchess.com"]
[Source "ChessBase"]
[SourceQuality "1"]
[TimeControl "900+10"]

1. e4 {[%emt 0:00:00]} c6 {[%emt 0:00:00]} 2. d4 {[%emt 0:00:00]} d5 {[%emt 0:00:00]} 3. Nc3 {[%emt 0:00:00]} h6 {[%emt 0:00:00]} 4. Nf3 {[%emt 0:00:19]} Nf6 {[%emt 0:00:00]} 5. Bd3 {[%emt 0:00:15]} dxe4 {[%emt 0:00:04]} 6. Nxe4 {[%emt 0:00:02]} Nbd7 {[%emt 0:00:02]} 7. Nc3 {[%emt 0:00:59]} Qc7 {[%emt 0:00:13]} 8. O-O {[%emt 0:00:07]} e6 {[%emt 0:00:03]} 9. Qe2 {[%emt 0:00:20]} Be7 {[%emt 0:00:04]} 10. Re1 {[%emt 0:01:16]} O-O {[%emt 0:00:05]} 11. Bd2 {[%emt 0:00:10]} Re8 {[%emt 0:02:09]} 12. Rad1 {[%emt 0:02:19]} b5 {[%emt 0:00:34]} 13. Ne5 {[%emt 0:00:34]} Nb6 {[%emt 0:00:43]} 14. Ne4 {[%emt 0:01:55]} Nbd5 {[%emt 0:00:47]} 15. c3 {[%emt 0:01:11]} Bb7 {[%emt 0:02:06]} 16. Nc5 {[%emt 0:01:40]} Rad8 {[%emt 0:00:54]} 17. Nxf7 {[%emt 0:00:54]} Kxf7 {[%emt 0:01:24]} 18. Nxe6 {[%emt 0:00:47]} Qd6 {[%emt 0:00:51]} 19. Nxd8+ {[%emt 0:00:14]} Bxd8 {[%emt 0:00:26]} 20. Qf3 {[%emt 0:00:12]} Bc7 {[%emt 0:01:12]} 21. g3 {[%emt 0:00:52]} Bc8 {[%emt 0:00:16]} 22. Bf5 {[%emt 0:00:28]} Bxf5 {[%emt 0:00:38]} 23. Qxf5 {[%emt 0:00:02]} Rxe1+ {[%emt 0:00:07]} 24. Rxe1 {[%emt 0:00:02]} Qd7 {[%emt 0:00:11]} 25. Qxd7+ {[%emt 0:00:21]} Nxd7 {[%emt 0:00:02]} 26. b3 {[%emt 0:00:24]} Bd6 {[%emt 0:00:27]} 27. c4 {[%emt 0:00:11]} bxc4 {[%emt 0:00:02]} 28. bxc4 {[%emt 0:00:01]} N5f6 {[%emt 0:00:23]} 29. f3 {[%emt 0:00:15]} Bc7 {[%emt 0:00:40]} 30. Rb1 {[%emt 0:00:35]} Nb6 {[%emt 0:00:39]} 31. c5 {[%emt 0:00:27]} Nbd5 {[%emt 0:00:01]} 32. Rb7 {[%emt 0:00:05]} a6 {[%emt 0:01:40]} 33. Ra7 {[%emt 0:00:01]} Ke6 {[%emt 0:00:25]} 34. Rxa6 {[%emt 0:00:06]} Kd7 {[%emt 0:00:01]} 35. Ra8 {[%emt 0:00:12]} Bd8 {[%emt 0:00:36]} 36. Ra7+ {[%emt 0:00:20]} Nc7 {[%emt 0:00:05]} 37. Bf4 {[%emt 0:00:17]} Nfd5 {[%emt 0:00:03]} 38. Be5 {[%emt 0:00:07]} g6 {[%emt 0:00:18]} 39. Kf2 {[%emt 0:00:07]} Nc3 {[%emt 0:00:19]} 40. Bxc7 {[%emt 0:00:43]} Bxc7 {[%emt 0:00:01]} 41. Ra3 {[%emt 0:00:09]} Nd5 {[%emt 0:00:30]} 42. Rb3 {[%emt 0:00:08]} Kc8 {[%emt 0:00:09]} 43. a3 {[%emt 0:00:10]} Ba5 {[%emt 0:00:11]} 44. Ke2 {[%emt 0:00:04]} h5 {[%emt 0:00:23]} 45. Kd3 {[%emt 0:00:09]} Nf6 {[%emt 0:00:21]} 46. h3 {[%emt 0:00:09]} Be1 {[%emt 0:00:12]} 47. g4 {[%emt 0:00:02]} hxg4 {[%emt 0:00:00]} 48. hxg4 {[%emt 0:00:03]} Ba5 {[%emt 0:00:18]} 49. Rb1 {[%emt 0:00:16]} Bc7 {[%emt 0:00:06]} 50. Rh1 {[%emt 0:00:08]} Nd5 {[%emt 0:00:27]} 51. Rh7 {[%emt 0:00:24]} g5 {[%emt 0:00:31]} 52. a4 {[%emt 0:00:23]} Nb4+ {[%emt 0:00:23]} 53. Ke4 {[%emt 0:00:20]} Bf4 {[%emt 0:00:11]} 54. Rg7 {[%emt 0:00:24]} Nc2 {[%emt 0:00:16]} 55. d5 {[%emt 0:00:08]} cxd5+ {[%emt 0:00:06]} 56. Kxd5 {[%emt 0:00:02]} Ne1 {[%emt 0:00:02]} 57. Kc6 {[%emt 0:00:16]} Kd8 {[%emt 0:00:38]} 58. Kb7 {[%emt 0:00:12]} Nxf3 {[%emt 0:00:13]} 59. c6 {[%emt 0:00:07]} Nh2 {[%emt 0:00:23]} 60. Rxg5 {[%emt 0:00:24]} 1-0

[Event "Kupreichik Memorial Rapid 2019"]
[Site "Minsk"]
[Date "2019.08.15"]
[Round "2.27"]
[White "Karlov, Egor"]
[Black "Uzlavataya, Anhelina"]
[Result "1-0"]
[WhiteElo "1728"]
[BlackElo "2051"]
[Annotator "NA"]
[PlyCount "101"]
[EventDate "2019.08.15"]
[EventType "swiss"]
[EventCountry "BLR"]
[SourceTitle "playchess.com"]
[Source "ChessBase"]
[SourceQuality "1"]
[TimeControl "900+10"]

1. d4 {[%emt 0:00:00]} f5 {[%emt 0:00:00]} 2. c4 {[%emt 0:00:00]} g6 {[%emt 0:00:00]} 3. Nc3 {[%emt 0:00:00]} Nf6 {[%emt 0:00:00]} 4. Nf3 {[%emt 0:00:03]} Bg7 {[%emt 0:00:07]} 5. e3 {[%emt 0:00:03]} O-O {[%emt 0:00:02]} 6. Bd3 {[%emt 0:00:09]} d6 {[%emt 0:00:03]} 7. O-O {[%emt 0:00:05]} Nc6 {[%emt 0:00:06]} 8. a3 {[%emt 0:00:52]} e5 {[%emt 0:00:12]} 9. dxe5 {[%emt 0:00:25]} dxe5 {[%emt 0:00:02]} 10. Be2 {[%emt 0:00:02]} Qe7 {[%emt 0:01:55]} 11. Qc2 {[%emt 0:00:05]} h6 {[%emt 0:00:32]} 12. b4 {[%emt 0:00:24]} Bd7 {[%emt 0:01:18]} 13. Bb2 {[%emt 0:00:13]} e4 {[%emt 0:03:16]} 14. Nd2 {[%emt 0:01:18]} Be6 {[%emt 0:00:56]} 15. Nb3 {[%emt 0:00:59]} Ne5 {[%emt 0:00:58]} 16. Nb5 {[%emt 0:01:24]} Bf7 {[%emt 0:00:36]} 17. Rfd1 {[%emt 0:04:25]} a6 {[%emt 0:01:06]} 18. N5d4 {[%emt 0:00:33]} Rad8 {[%emt 0:01:47]} 19. Nc5 {[%emt 0:00:54]} c6 {[%emt 0:00:18]} 20. Ndb3 {[%emt 0:00:55]} Nh7 {[%emt 0:03:14]} 21. Na5 {[%emt 0:03:04]} b6 {[%emt 0:01:24]} 22. Bxe5 {[%emt 0:00:01]} Rxd1+ {[%emt 0:00:24]} 23. Rxd1 {[%emt 0:00:07]} Qxe5 {[%emt 0:00:03]} 24. Nd7 {[%emt 0:00:48]} Qc7 {[%emt 0:00:22]} 25. Nxf8 {[%emt 0:00:21]} Nxf8 {[%emt 0:00:04]} 26. Nb3 {[%emt 0:00:10]} Nd7 {[%emt 0:00:17]} 27. c5 {[%emt 0:01:22]} b5 {[%emt 0:00:11]} 28. Na5 {[%emt 0:00:12]} Be5 {[%emt 0:00:06]} 29. h3 {[%emt 0:00:18]} Nf6 {[%emt 0:00:02]} 30. Nb3 {[%emt 0:00:24]} Nd5 {[%emt 0:00:01]} 31. Nd4 {[%emt 0:00:02]} Kg7 {[%emt 0:00:11]} 32. Qd2 {[%emt 0:00:20]} Qc8 {[%emt 0:00:17]} 33. f4 {[%emt 0:00:14]} Bf6 {[%emt 0:00:11]} 34. g4 {[%emt 0:00:04]} fxg4 {[%emt 0:00:06]} 35. Bxg4 {[%emt 0:00:03]} Qe8 {[%emt 0:00:09]} 36. Qf2 {[%emt 0:00:24]} h5 {[%emt 0:00:11]} 37. Be2 {[%emt 0:00:07]} Qc8 {[%emt 0:00:04]} 38. f5 {[%emt 0:00:04]} Bxd4 {[%emt 0:00:12]} 39. Rxd4 {[%emt 0:00:03]} Qxf5 {[%emt 0:00:15]} 40. Qxf5 {[%emt 0:00:20]} gxf5 {[%emt 0:00:02]} 41. Kf2 {[%emt 0:00:05]} Kf6 {[%emt 0:00:01]} 42. Rd2 {[%emt 0:00:11]} Ke5 {[%emt 0:00:05]} 43. h4 {[%emt 0:00:06]} Nxe3 {[%emt 0:00:42]} 44. Rd7 {[%emt 0:00:24]} Be6 {[%emt 0:00:02]} 45. Rd6 {[%emt 0:00:08]} Nc4 {[%emt 0:00:23]} 46. Rxc6 {[%emt 0:00:07]} e3+ {[%emt 0:00:07]} 47. Kf1 {[%emt 0:00:08]} Nxa3 {[%emt 0:00:10]} 48. Rxa6 {[%emt 0:00:03]} Nc2 {[%emt 0:00:02]} 49. c6 {[%emt 0:00:02]} Nxb4 {[%emt 0:00:03]} 50. Rb6 {[%emt 0:00:04]} Kd6 {[%emt 0:00:29]} 51. c7+ {[%emt 0:00:04]} 1-0

[Event "Kupreichik Memorial Rapid 2019"]
[Site "Minsk"]
[Date "2019.08.15"]
[Round "2.28"]
[White "Shaban, Alena"]
[Black "Kozlov, Valentin"]
[Result "1-0"]
[WhiteElo "2030"]
[BlackElo "1871"]
[Annotator "NA"]
[PlyCount "83"]
[EventDate "2019.08.15"]
[EventType "swiss"]
[EventCountry "BLR"]
[SourceTitle "playchess.com"]
[Source "ChessBase"]
[SourceQuality "1"]
[TimeControl "900+10"]

1. Nf3 {[%emt 0:00:00]} Nf6 {[%emt 0:00:00]} 2. g3 {[%emt 0:00:00]} g6 {[%emt 0:00:00]} 3. Bg2 {[%emt 0:00:00]} Bg7 {[%emt 0:00:00]} 4. O-O {[%emt 0:00:00]} O-O {[%emt 0:00:00]} 5. d3 {[%emt 0:00:00]} c5 {[%emt 0:00:02]} 6. e4 {[%emt 0:00:01]} d6 {[%emt 0:00:08]} 7. c3 {[%emt 0:00:23]} Nc6 {[%emt 0:00:03]} 8. Be3 {[%emt 0:00:40]} Bd7 {[%emt 0:00:09]} 9. Nbd2 {[%emt 0:00:12]} Qc8 {[%emt 0:00:14]} 10. d4 {[%emt 0:00:14]} cxd4 {[%emt 0:00:29]} 11. cxd4 {[%emt 0:00:03]} Bh3 {[%emt 0:00:37]} 12. Rc1 {[%emt 0:00:17]} Bxg2 {[%emt 0:00:08]} 13. Kxg2 {[%emt 0:00:02]} Qe8 {[%emt 0:00:48]} 14. Qb3 {[%emt 0:00:29]} Na5 {[%emt 0:01:50]} 15. Qb4 {[%emt 0:01:42]} b6 {[%emt 0:00:17]} 16. Rc7 {[%emt 0:00:48]} Ng4 {[%emt 0:00:43]} 17. Rfc1 {[%emt 0:01:44]} Nxe3+ {[%emt 0:00:24]} 18. fxe3 {[%emt 0:00:01]} Bh6 {[%emt 0:00:36]} 19. Qc3 {[%emt 0:00:05]} Qa4 {[%emt 0:01:41]} 20. b4 {[%emt 0:00:54]} Qxa2 {[%emt 0:00:44]} 21. bxa5 {[%emt 0:00:23]} Qxa5 {[%emt 0:00:50]} 22. Qxa5 {[%emt 0:01:41]} bxa5 {[%emt 0:00:01]} 23. Rxe7 {[%emt 0:01:00]} Bxe3 {[%emt 0:00:12]} 24. Rc3 {[%emt 0:00:17]} Bh6 {[%emt 0:00:14]} 25. Rcc7 {[%emt 0:00:27]} Rab8 {[%emt 0:00:08]} 26. Nc4 {[%emt 0:00:12]} g5 {[%emt 0:01:22]} 27. g4 {[%emt 0:00:29]} a4 {[%emt 0:00:45]} 28. Rxa7 {[%emt 0:00:23]} Rb4 {[%emt 0:00:11]} 29. Nxd6 {[%emt 0:00:06]} Bg7 {[%emt 0:00:48]} 30. Nxf7 {[%emt 0:01:43]} a3 {[%emt 0:00:08]} 31. N7xg5 {[%emt 0:00:19]} Bf6 {[%emt 0:00:43]} 32. Rxh7 {[%emt 0:00:47]} a2 {[%emt 0:01:01]} 33. Rxa2 {[%emt 0:00:57]} Bxg5 {[%emt 0:00:35]} 34. Nxg5 {[%emt 0:00:02]} Rxd4 {[%emt 0:00:02]} 35. Raa7 {[%emt 0:00:19]} Re8 {[%emt 0:00:33]} 36. Rhe7 {[%emt 0:01:01]} Rd2+ {[%emt 0:00:30]} 37. Kg3 {[%emt 0:00:08]} Rb8 {[%emt 0:00:05]} 38. h3 {[%emt 0:00:18]} Rd3+ {[%emt 0:00:48]} 39. Kh4 {[%emt 0:00:01]} Rc3 {[%emt 0:00:13]} 40. Ne6 {[%emt 0:00:07]} Rf3 {[%emt 0:00:14]} 41. Rg7+ {[%emt 0:00:03]} Kh8 {[%emt 0:00:05]} 42. Rh7+ {[%emt 0:00:02]} 1-0